000 00316nam a22001337a 4500
008 170426b xxu||||| |||| 00| 0 eng d
020 _a0805389024
041 _aeng
080 _a547
100 _a12
101 _aSHM
245 _aDERIVATES OF HYNDRAZINE AND OTHER HYDROGENS
_cSMITH.P.A.S
942 _2udc
_cBK
999 _c12016
_d12016